Loading...
| Literature - American | 0 | 6 | 1 | 0 | 55 | 58 | 95.50 | 1 | 4 | 0.00 | 0.00 |
| Literature - European | 0 | 5 | 1 | 0 | 45 | 37 | 109.00 | 2 | 3 | 0.00 | 0.00 |
| Literature - World | 0 | 6 | 3 | 0 | 45 | 71 | 93.00 | 3 | 4 | 0.00 | 0.00 |
| Fine Arts - Other | 0 | 4 | 1 | 0 | 35 | 89 | 110.50 | 0 | 0 | 0.00 | 0.00 |
| Social Science | 0 | 3 | 0 | 1 | 30 | 55 | 88.33 | 0 | 2 | 0.00 | 0.00 |
| Fine Arts - Painting and Sculpture | 0 | 3 | 0 | 0 | 30 | 83 | 104.00 | 1 | 1 | 0.00 | 0.00 |
| Literature - British | 0 | 4 | 3 | 1 | 25 | 66 | 108.50 | 1 | 2 | 0.00 | 0.00 |
| Religion | 0 | 3 | 1 | 0 | 25 | 91 | 114.33 | 0 | 1 | 0.00 | 0.00 |
| Fine Arts - Classical Music | 0 | 2 | 0 | 0 | 20 | 89 | 94.50 | 1 | 2 | 0.00 | 0.00 |
| History - World | 0 | 3 | 2 | 0 | 20 | 50 | 101.33 | 0 | 0 | 0.00 | 0.00 |
| Philosophy | 0 | 2 | 0 | 0 | 20 | 104 | 105.00 | 1 | 2 | 0.00 | 0.00 |
| History - Other | 0 | 1 | 0 | 0 | 10 | 89 | 89.00 | 0 | 0 | 0.00 | 0.00 |
| Mythology | 0 | 1 | 0 | 0 | 10 | 144 | 144.00 | 0 | 0 | 0.00 | 0.00 |
| Science - Physics | 0 | 1 | 0 | 0 | 10 | 125 | 125.00 | 0 | 0 | 0.00 | 0.00 |
| Other Academic | 0 | 1 | 0 | 0 | 10 | 131 | 131.00 | 0 | 0 | 0.00 | 0.00 |